Statistiken für Schnelle Mathematik - Multiplikation Level 04

Klicken Sie hier um das Quiz zu spielen!

Allgemein

  • Dieses Quiz wurde 97 mal gespielt
  • Das Durchschnittsergebnis liegt bei 20 aus 20

Antwortstatistiken

FrageAntwort% Korrekt
2⋅00
100%
0⋅20
100%
0⋅30
100%
0⋅40
100%
0⋅50
100%
0⋅60
100%
1⋅00
100%
5⋅00
100%
4⋅00
100%
6⋅00
100%
0⋅10
100%
3⋅00
100%
1⋅11
100%
5⋅210
100%
2⋅510
100%
6⋅212
100%
4⋅312
100%
5⋅315
100%
4⋅416
100%
6⋅318
100%
3⋅618
100%
2⋅12
100%
1⋅22
100%
5⋅420
100%
4⋅520
100%
6⋅424
100%
5⋅525
100%
3⋅13
100%
1⋅33
100%
6⋅530
100%
5⋅630
100%
6⋅636
100%
4⋅14
100%
2⋅24
100%
1⋅55
100%
3⋅26
100%
2⋅36
100%
2⋅48
100%
3⋅39
100%
0⋅00
95%
3⋅515
95%
3⋅412
94%
4⋅624
94%
1⋅44
94%
6⋅16
94%
1⋅66
94%
4⋅28
94%
5⋅15
93%
2⋅612
92%

Verteilung der Resultate

Perzentil nach korrekt beantworteten Fragen

Anzahl Personen mit jedem Resultat

Ihre Resultats-Entwicklung

Sie haben dieses Quiz noch nicht gespielt